A Project to Find the Fundamental Theory of Physics /

Gespeichert in:
Bibliographische Detailangaben
1. Verfasser: Wolfram, Stephen (Verfasst von)
Format: Buch
Sprache:Englisch
Veröffentlicht: Wolfram Media 2020
Schlagworte:
Tags: Tag hinzufügen
Keine Tags, Fügen Sie das erste Tag hinzu!

MARC

LEADER 00000nam a22000003a 4500
001 0084665
003 SK-STU
005 20201124115425.5
007 ta
008 201124s ----xo-----e------000-0-----d
020 |a 978-1-57955-035-6 
040 |a STU  |b slo 
041 0 |a eng 
044 |a xxc 
100 1 |a Wolfram, Stephen  |4 aut 
245 1 0 |a A Project to Find the Fundamental Theory of Physics /  |c aut. Stephen Wolfram 
260 |b Wolfram Media  |c 2020 
300 |a 770 s. 
650 0 7 |a teoretická fyzika 
996 |b 284M088483  |c M* 14391-1  |l MMKN  |s A  |a 24  |w 0084665_0001